Catálogo

INDICE DE LAS GENERACIONES DE LAS ENCARTACIONES DE VIZCAYA. (Registro nro. 37172)

Detalles MARC
000 -LEADER
fixed length control field 00534nam a2200205 a 4500
001 - CONTROL NUMBER
control field 37172
003 - CONTROL NUMBER IDENTIFIER
control field Mx-PuUPA
005 - DATE AND TIME OF LATEST TRANSACTION
control field 20210527150726.0
008 - FIXED-LENGTH DATA ELEMENTS--GENERAL INFORMATION
fixed length control field 140415s1967 000 0 spa d
040 ## - CATALOGING SOURCE
Transcribing agency Mx-PuUPA
041 ## - LANGUAGE CODE
Language code of text/sound track or separate title spa
082 ## - DEWEY DECIMAL CLASSIFICATION NUMBER
Classification number 929.346
Item number LAF
100 1# - MAIN ENTRY--PERSONAL NAME
Personal name LAFARGA LOZANO, ADOLFO
245 10 - TITLE STATEMENT
Title INDICE DE LAS GENERACIONES DE LAS ENCARTACIONES DE VIZCAYA.
260 ## - PUBLICATION, DISTRIBUTION, ETC.
Place of publication, distribution, etc. [s.l.] :
Name of publisher, distributor, etc. ARTE,
Date of publication, distribution, etc. 1967.
300 ## - PHYSICAL DESCRIPTION
Extent 255.
650 14 - SUBJECT ADDED ENTRY--TOPICAL TERM
Topical term or geographic name entry element GENEALOGIA
General subdivision ESPAA
700 1# - ADDED ENTRY--PERSONAL NAME
Personal name GONZALEZ ECHEGARAY, CARLOS
Relator term pról.
942 ## - ADDED ENTRY ELEMENTS (KOHA)
Source of classification or shelving scheme Dewey Decimal Classification
Koha item type Libro
Existencias
Withdrawn status Lost status Source of classification or shelving scheme Damaged status Not for loan Collection code Home library Current library Shelving location Date acquired Source of acquisition Total Checkouts Full call number Barcode Price effective from Koha item type
    Dewey Decimal Classification     General Biblioteca Karol Wojtyla Biblioteca Karol Wojtyla Sala general 03/12/2013 Compra   929.346 LAF 5593 03/12/2013 Libro